| 000 | 02559nam a2200313 a 4500 | ||
|---|---|---|---|
| 003 | CO-CtgCURN | ||
| 005 | 20250429224144.0 | ||
| 007 | ta | ||
| 008 | 130305s2013 ag 000 0 spa c | ||
| 020 | _a9789508023551 | ||
| 040 |
_aCO-CtgCURN _bspa _ccoctgcurn |
||
| 082 | 0 |
_a364 _bY126 _22004 |
|
| 100 | 1 | _aYañez Pereira, Victor Rodrigo. | |
| 245 | 1 | 3 |
_aEl trabajo social en contextos de alta complejidad : _breflexiones sobre el pensum disciplinario / _cVictor Rodrigo Yañez Pereira. |
| 250 | _a1a. ed. | ||
| 260 |
_aBuenos Aires : _bEspacio Editorial, _c2013. |
||
| 300 |
_av. ; _c23 cm. |
||
| 336 | _2rdacontent | ||
| 337 |
_2rdamedia _asin mediacion _bn |
||
| 338 |
_2rdacarrier _avolumen _bnc |
||
| 490 | 1 | _aColección Ciencias sociales | |
| 505 | 8 | _aContiene: Vol. 1 | |
| 520 | 8 | _aOptar hoy por el Trabajo Social nos llama a revitalizar la significatividad y complejizacion de su pensamiento, posibilitando ilustrar el desafio de asumir renovadas categorias de entendimiento y formas de conocimiento, para elaborar conjeturas y procurar refutaciones a las operativas tipificaciones con que se erige la cotidianidad de sus practicas etico-políticas y teorico-metodologicas, invitando a re-escenificarlas a traves del nativo talento reflexivo de los Trabajadores Sociales, exaltado por el espiritu de la ciencia. Por lo mismo, en esta nueva obra del autor Vctor R. Yañez Pereira, se espera producir huellas, dejar marcas que reflejen la densa capa de pensamiento que ostenta la disciplina, constituyendo un lenguaje mediante el cual expone y se expone ante las cuestiones propias del mundo social, provocando resonancias al nombrar las tensiones, esperanzas y asombros que posibilitan explicar e interpretar la realidad de lo real. Desde ahi que la trama argumentativa del libro problematice la relacion que existe entre el Trabajo Social y los denominados contextos de alta complejidad, que son expresion de la cada vez mayor inestabilidad, improbabilidad, ambivalencia e incerteza de los nuevos fenmenos sociales, cuya dinamica acusa una evolucion adiabotica que nos incluye aceleradamente en las honduras de lo inesperado, reclamandonos re-significar los objetos de debate, controversia y lucha que somos capaces de construir en la mativa que contienen nuestros procesos de Investigación/intervencion. | |
| 650 | 1 | 4 | _aTrabajo social. |
| 650 | 1 | 4 | _aSocial service. |
| 830 | 0 | _aColección Ciencias sociales (Espacio Editorial) | |
| 852 | _961000 | ||
| 942 |
_cBK _h364 _iY126 _2ddc |
||
| 999 |
_c41020 _d41020 |
||